Najczęściej zgadywane państwa w różnych językach - Statystyki

Ogólne statystyki
  • Ten quiz został rozwiązany 10 razy
  • Średni wynik to 30 z 31
Statystyki odpowiedzi
Język Odpowiedź % Poprawnych
Chiński 96% Chiny
100%
Czeski 95% Czechy
100%
Fiński 97% Finlandia
100%
Francuski 97% Francja
100%
Fiński 95% Francja
100%
Francuski 95% Hiszpania
100%
Niderlandzki 95% Holandia
100%
Fiński 95% Niemcy
100%
Niemiecki 95% Niemcy
100%
Fiński 96% Norwegia
100%
Norweski 95% Norwegia
100%
Rosyjski 97% Rosja
100%
Fiński 96% Rosja
100%
Polski 95% Rosja
100%
Rosyjski 96% Stany Zjednoczone
100%
Hiszpański 96% Stany Zjednoczone
100%
Angielski 96% Stany Zjednoczone
100%
Niemiecki 95% Stany Zjednoczone
100%
Włoski 95% Stany Zjednoczone
100%
Turcja 95% Stany Zjednoczone
100%
Portugalski 95% Stany Zjednoczone
100%
Włoski 95% Włochy
100%
Fiński 95% Włochy
100%
Portugalsli 97% Brazylia
90%
Angielski 95% Kanada
90%
Hiszpański 95% Kanada
90%
Polski 96% Polska
90%
Fiński 97% Szwecja
90%
Hiszpański 95% Argentyna
80%
Hiszpański 95% Meksyk
70%
Fiński 95% Estonia
60%
Nie znaleziono quizów pasujących do podanych kryteriów
Rozkład punktacji
Procent ludzi z każdym wynikiem
Percentyl według liczby udzielonych odpowiedzi
Twoja historia wyników
Nie rozwiązałeś tego quizu